|
|
|
|
| LEADER |
00000nam a2200000Ia 4500 |
| 008 |
180420b1996 cr ||||| |||| 00| | spa d |
| 999 |
|
|
|c 1038
|d 1038
|
| 020 |
|
|
|a 9977673721
|
| 090 |
|
|
|a 06.03.06
|b 400
|
| 100 |
1 |
|
|a Rojas Porras, Marta
|9 108
|
| 245 |
1 |
0 |
|a Español 6: texto/
|c Marta Rojas Porras, Isabel Ducca Durán
|
| 260 |
|
|
|a San José, Costa Rica :
|b Editorial de la Universidad de Costa Rica,
|c 1996
|
| 300 |
|
|
|a 160 páginas
|
| 490 |
|
|
|a Hacia siglo XXI
|
| 500 |
|
|
|a Además guía didáctica Español 6
|
| 650 |
1 |
4 |
|a ENSEÑANZA DEL ESPAÑOL
|9 782
|
| 650 |
1 |
4 |
|a EDUCACIÓN PRIMARIA
|9 367
|
| 650 |
1 |
4 |
|a LIBROS DE TEXTO
|9 1746
|
| 700 |
1 |
|
|a Ducca Durán, Isabel
|9 3524
|
| 942 |
|
|
|i 00772 ,00746
|h 06.03.06 400
|2 z
|c 01
|